Ukrajinská kríza a zahraničnopolitické smerovanie postsovietskej strednej Ázie
Euroázijská voľba Kazachstanu. Uzbecké váhanie a kontúry novej geopolitickej osi. Chaotizácia a fragmentácia Afganistanu ako hrozba strednej Ázii. Reálnosť efektu "afgánskeho domina" na regionálnu bezpečnosť. Postoj Tadžikistanu a Kirgizska k situácii na Ukrajine.
Uložené v:
| Hlavný autor: | |
|---|---|
| Médium: | Kapitola |
| Jazyk: | Slovak |
| Predmet: | |
| Tagy: |
Žiadne tagy, Buďte prvý, kto otaguje tento záznam!
|
MARC
| LEADER | 00000naa$a2200000$$$4500 | ||
|---|---|---|---|
| 001 | 0198390 | ||
| 005 | 20240502073342.8 | ||
| 041 | 0 | |a slo | |
| 044 | |a SK | ||
| 245 | 1 | 0 | |a Ukrajinská kríza a zahraničnopolitické smerovanie postsovietskej strednej Ázie |c Ľubomír Čech |
| 520 | |a Euroázijská voľba Kazachstanu. Uzbecké váhanie a kontúry novej geopolitickej osi. Chaotizácia a fragmentácia Afganistanu ako hrozba strednej Ázii. Reálnosť efektu "afgánskeho domina" na regionálnu bezpečnosť. Postoj Tadžikistanu a Kirgizska k situácii na Ukrajine. | ||
| 610 | 2 | 0 | |a politika zahraničná |
| 610 | 2 | 0 | |a vzťahy medzinárodné |
| 610 | 2 | 0 | |a konflikty |
| 610 | 2 | 0 | |a bezpečnosť medzinárodná |
| 610 | 2 | 0 | |a Ukrajina |
| 610 | 2 | 0 | |a Rusko |
| 610 | 2 | 0 | |a stredná Ázia |
| 610 | 2 | 0 | |a Afganistan |
| 610 | 2 | 0 | |a USA |
| 100 | 1 | |a Čech, Ľubomír, 1955- | |